01101nmc a2200385 a 4500003000900000005001700009008004100026020001800067040001300085100002100098245004000119260005800159300001100217490004400228504004200272600002500314600002600339600002500365600002300390600002300413600001700436600002300453610002600476610000800502650002300510650002400533650001500557650002600572650001300598650002300611650002300634651001400657653001400671800003000685AR-BaBNM20251128204853.0236019s1986 ||||||||||||||000 | spa|| a950-25-1421-1 cAR-BaBNM1 aCalello, Osvaldo10aPeronismo y bonapartismob1843-1945 aBuenos AiresbCentro Editor de América Latinac1986 a150 p. 0aBiblioteca política argentinavv. 157 aContiene bibliografía: pgs. 149-15014aFarrell, Edelmiro J.14aPerón, Juan Domingo14aYrigoyen, Hipólito04aFarrelld1944-194604aPerónd1946-195104aRawsond194304aRamirezd1943-194424aPartido Justicialista14aGOU 4aHISTORIA ARGENTINA 4aSOCIOLOGIA POLITICA 4aIDEOLOGIAS 4a17 DE OCTUBRE DE 1945 4aPOLITICA 4aOPOSICION POLITICA 4aREVOLUCION DE 1943 4aArgentina aPERONISMO1 aTroncoso, Oscaredirector